00294nam a2200121Ia 4500003000400000005001700004008004100021020001800062040001900080100002700099245002300126260002300149OSt20231223064052.0170524s9999 xx 000 0 und d a9789384852450 cIIMT UNIVERSTY aPANDAY- DR JAY NARAYAN 0aBHARAT KA SAVIDHAN bCENTRAL LAW AGENCY